000 00607nam a22002057a 4500
999 _c5861
_d5861
003 GBCCL
005 20241126110551.0
008 180412b ||||| |||| 00| 0 eng d
020 _a0946616108
040 _cgbc
082 _a266.0092
_bAYL
100 _aThompson, Phyllis
_93768
245 _aGladys Aylward:
_bA London sparrow /
_cPhyllis Thompson
260 _aEngland:
_bHighland Books,
_c1984
300 _a190 p.;
_c18 cm.
650 _aAylward, Gladys
_y1970
_910608
650 _aMissionaries
_zChina
_vBiography
_96888
650 _aMissionaries
_vGreat Britain
_xBiography
_910609
942 _2ddc
_cBK
_01